[Event "Montigny le Bretonneux op 22nd"]
[Site "Montigny le Bretonneux"]
[Date "2023.12.29"]
[Round "6"]
[White "Neveu, Raphael"]
[Black "Selores Granjo, Gilberto"]
[Result "0-1"]
[WhiteElo "1199"]
[BlackElo "1423"]
[PlyCount "86"]
[EventDate "2023.12.27"]
[EventType "swiss"]
[EventRounds "7"]
[EventCountry "FRA"]
[SourceTitle "CB06_2024"]
[SourceDate "2024.02.07"]
[SourceVersion "1"]
[SourceVersionDate "2024.02.07"]
[SourceQuality "1"]

1. e4 c5 2. c3 e6 3. d4 d5 4. e5 Nc6 5. Nf3 Bd7 6. Bd3 Qb6 7. Bc2 cxd4 8. cxd4 Bb4+ 9. Nc3 Nge7 10. a3 Bxc3+ 11. bxc3 Rc8 12. 0-0 Nf5 13. Re1 0-0 14. Rb1 Qc7 15. Bd3 a6 16. Bg5 b5 17. Qd2 Na5 18. Rec1 Nc4 19. Qf4 f6 20. exf6 Qxf4 21. Bxf4 Rxf6 22. Bxc4 dxc4 23. Re1 Nxd4 24. Nxd4 Rxf4 25. Nxe6 Bxe6 26. Rxe6 Rf6 27. Re5 Rd8 28. f3 Rd3 29. Rc1 Rfd6 30. Kf2 Rd2+ 31. Kf1 Ra2 32. Rce1 Rxa3 33. Rf5 h6 34. Re8+ Kh7 35. Re7 Rd2 36. Re1 Rxc3 37. h4 Ra3 38. Kg1 Raa2 39. g4 c3 40. g5 hxg5 41. Rxg5 c2 42. Rh5+ Kg6 43. Rg5+ Kf6 0-1